| 000 | 00719nam a22002417a 4500 | ||
|---|---|---|---|
| 003 | UA-OsUOA | ||
| 001 | 40470 | ||
| 007 | ta | ||
| 008 | 20080612b un ||||| |||| 00| 0 ukr d | ||
| 100 | _aДорошенко Дмитро | ||
| 090 |
_a09/82-94 _bД69 |
||
| 942 | _cBK | ||
| 040 |
_aUA-OsUOA _bukr _cUA-OsUOA _dUA-OsUOA |
||
| 245 |
_aМої спогади про давнє-минуле (1901 - 1914) _b(з автографом автора) |
||
| 300 | _a167 с. | ||
| 955 | _a3 | ||
| 041 | _aukr | ||
| 080 | _a09/82-94 | ||
| 260 |
_aВінніпег _b"Тризуб" _c1949 |
||
| 250 | _nДруге видання | ||
| 650 | 7 |
_a82 Література. Літературознавство _2UDC |
|
| 999 |
_c438976 _d438976 |
||